Normal view
MARC view
Entry Topical Term
001 - CONTROL NUMBER
- control field: 37828
003 - CONTROL NUMBER IDENTIFIER
- control field: OSt
005 - DATE AND TIME OF LATEST TRANSACTION
- control field: 20230421160250.0
008 - FIXED-LENGTH DATA ELEMENTS
- fixed length control field: 230421|| aca||aabn | a|a d
040 ## - CATALOGING SOURCE
- Original cataloging agency: OSt
- Transcribing agency: OSt
150 ## - HEADING--TOPICAL TERM
- Topical term or geographic name entry element: Groundwater governance, Water policy, Model bills, Public trust doctrine.
670 ## - SOURCE DATA FOUND
- Source citation: Work cat.: (OSt): Khara, Deepratan Singh 37827, Groundwater governance in India: A legal and institutional perspective
